Anstieg und Fall des Dollarkurses - Folgen der amerikanischen Geldpolitik?

Na minha lista:
Detalhes bibliográficos
Autor principal: Scheide, Joachim
Formato: Livro
Idioma:alemão
Publicado em: Kiel Institut für Weltwirtschaft 1987
Colecção:Discussion Papers 131
Tags: Adicionar Tag
Sem tags, seja o primeiro a adicionar uma tag!

MARC

LEADER 00000nam a2200000 4500
001 c111141
005 20181203150319.3
041 0 |a ger 
044 |a DE 
245 1 0 |a Anstieg und Fall des Dollarkurses - Folgen der amerikanischen Geldpolitik?  |c Joachim Scheide 
264 1 |a Kiel  |b Institut für Weltwirtschaft  |c 1987 
300 |a 27 s. 
490 1 |a Discussion Papers  |v 131 
830 0 |a Discussion Papers  |v 131 
100 1 |a Scheide, Joachim